000 00504nam a22001697a 4500
020 _a9788131203248
082 _a005.74 SIM
100 _aSimsion, Graeme C.
245 _aData modeling essentials
250 _a3rd ed.
260 _aNew Delhi, India
_bMorgan Kaufmann Publishers
_c2005
300 _axxvii, 532 p.
_bill. ;
500 _aIncludes bibliographical references and index.
650 _a1. Database design. 2. Data structures (Computer science)
700 _aWitt, Graham C.
942 _cBK
999 _c12502
_d12502